000 01083nam a22003377a 4500
003 CHAP
005 20220329140400.0
008 971013s1974 r 00010 d
010 _a51182
011 _a52154
035 _a56304
040 _cCHAP
082 _a901
_bW3Y
100 0 0 _aWalsh, W. H.
_9120965
245 _aIntroducción al filosofía de la historia
260 _aMéxico, D.F. :
_bSiglo XXI,
_c1974
300 _a256 p.
490 _aTeoría y crítica
500 _aTrad. de la ed. revisada de 1967
590 _aBATCH-UPD
_b10
_c20130110
_lUCH01
_h0552
590 _aBATCH-UPD
_b10
_c20130110
_lUCH01
_h2239
590 _aBATCH-UPD
_b10
_c20130410
_lUCH01
_h0233
590 _aBATCH-UPD
_b10
_c20130914
_lUCH01
_h1618
590 _aCONVERSION
_b10
_c20130109
_lUCH01
_h1328
650 1 4 _aHistoria
_xFilosofía.
_955604
830 0 _aTeoría y crítica
_9112314
901 _aBK
942 _cLIBRO
949 _a901 W3Y
_bBC
_cLIBRO
_d33724000257176
_eLIBRO
_h45619
_i56304
_si
_t28.00
949 _a901 W3Y
_bBC
_cLIBRO
_d33724000257184
_eLIBRO
_fc.2
_h67059
_i56304
_si
_t28.00
999 _c51182
_d51182